000 00557nam a2200181Ia 4500
003 GCL
008 140319s9999 xx 000 0 ara d
040 _aGCL /
_cGCL
082 0 4 _a657.835
_bم ا
100 1 _aمحمد الفيومى محمد
245 1 0 _aاصول المحاسبة الحكومية والمحاسبة القومية /
_cمحمد الفيومى محمد
300 _a432 ص
490 _a
650 0 4 _aالمحاسبة
650 0 4 _aالمحاسبة الحكومية
650 0 4 _aالمحاسبة القومية
942 _2ddc
_cBK
999 _c45970
_d45970